Populous Cities in Populous States Quiz Stats

 Plays Quiz Updated Nov 28, 2011

Challenge
Share
Tweet
Embed
Score 0/50 Timer 05:00
22 Plays Today
State City % Correct
CaliforniaLos Angeles
98.2%
New YorkNew York
97.5%
FloridaMiami
94.2%
TexasDallas
94%
TexasHouston
93.6%
IllinoisChicago
93.6%
CaliforniaSan Francisco
93.5%
CaliforniaSan Diego
91.7%
TexasAustin
86.5%
FloridaOrlando
84%
TexasSan Antonio
81.6%
New YorkAlbany
79.9%
CaliforniaSacramento
79.8%
FloridaTampa
75.4%
New YorkBuffalo
75.2%
FloridaJacksonville
73.7%
TexasFort Worth
68.3%
CaliforniaSan Jose
66.4%
FloridaTallahassee
65.3%
IllinoisSpringfield
65%
CaliforniaOakland
64.4%
TexasEl Paso
60.5%
New YorkSyracuse
52.9%
New YorkRochester
50.6%
FloridaFort Lauderdale
43.7%
State City % Correct
FloridaSt. Petersburg
42%
CaliforniaAnaheim
40.2%
CaliforniaFresno
39.7%
CaliforniaLong Beach
33.9%
New YorkYonkers
33.5%
TexasArlington
30.2%
TexasCorpus Christi
29.9%
CaliforniaBakersfield
28.6%
IllinoisPeoria
24.5%
IllinoisAurora
23.1%
IllinoisRockford
22.9%
TexasPlano
18.3%
IllinoisJoliet
17.9%
New YorkUtica
17.8%
IllinoisNaperville
15.5%
TexasLaredo
15.1%
FloridaHialeah
12.6%
New YorkSchenectady
11.8%
New YorkNew Rochelle
7.8%
FloridaPort St. Lucie
6.7%
IllinoisElgin
6.3%
IllinoisWaukegan
4.9%
IllinoisCicero
4.7%
FloridaPembroke Pines
4.6%
New YorkMount Vernon
4.5%

You're not logged in!

Compare scores with friends on all Sporcle quizzes.
OR
Log In

You Might Also Like...

Show Comments

Extras

Top Quizzes Today


Score Distribution

Your Account Isn't Verified!

In order to create a playlist on Sporcle, you need to verify the email address you used during registration. Go to your Sporcle Settings to finish the process.

Report this User

Report this user for behavior that violates our Community Guidelines.

Details: